[Event "9th Sunway Sitges 2022"]
[Site "Sitges ESP"]
[Date "2022.12.14"]
[Round "3.51"]
[White "Nevednichy, Vladislav"]
[Black "Assylov, Miras"]
[Result "0-1"]
[WhiteTitle "GM"]
[WhiteElo "2502"]
[BlackElo "2044"]
[WhiteFideId "1205730"]
[BlackFideId "13728873"]
[EventDate "2022.12.12"]

1. c4 e5 2. g3 Nf6 3. Bg2 d5 4. cxd5 Nxd5 5. Nf3 Nc6 6. O-O Bc5 7. Nc3 Nxc3 8.
bxc3 O-O 9. d3 Rb8 10. a4 b6 11. a5 Bb7 12. a6 Ba8 13. e3 Bd6 14. e4 Na5 15. Nh4
Re8 16. Nf5 Bf8 17. f4 g6 18. Ne3 exf4 19. gxf4 Bg7 20. Qc2 c5 21. Bb2 Rc8 22.
f5 h5 23. Nd5 Nc6 24. fxg6 fxg6 25. Bh3 Qg5+ 26. Kh1 Rcd8 27. Rg1 Qh4 28. Qg2
Ne5 29. Rad1 Bxd5 30. exd5 Rf8 31. Rgf1 Rxf1+ 32. Rxf1 Rf8 33. Rxf8+ Bxf8 34. d4
cxd4 35. cxd4 Ng4 36. Qg3 Qxg3 37. hxg3 Nf2+ 38. Kg2 Nxh3 39. Kxh3 Kf7 40. g4
hxg4+ 41. Kxg4 Bb4 42. Kf4 Ke7 43. Kg5 Kd6 44. Kxg6 Kxd5 45. Kf7 b5 46. Ke8 Bd2
47. Kd7 b4 48. Kc7 Bc3 49. Bc1 Bxd4 50. Kb7 b3 51. Ba3 Kc4 52. Bc1 Kc3 53. Ba3
b2 54. Bxb2+ Kxb2 55. Kc6 Kb3 56. Kb5 Bb6 0-1

[Event "9th Sunway Sitges 2022"]
[Site "Sitges ESP"]
[Date "2022.12.14"]
[Round "3.52"]
[White "Tabatabaei, M. Amin"]
[Black "Ribera Veganzones, Serni"]
[Result "1-0"]
[WhiteTitle "GM"]
[BlackTitle "CM"]
[WhiteElo "2660"]
[BlackElo "2199"]
[WhiteFideId "12521213"]
[BlackFideId "6900860"]
[EventDate "2022.12.12"]

1. e4 c6 2. d4 d5 3. e5 c5 4. c3 Nc6 5. Be2 Bf5 6. Nf3 e6 7. O-O cxd4 8. cxd4
Nge7 9. Nc3 Nc8 10. Bd3 Bg4 11. Be3 Be7 12. h3 Bh5 13. g4 Bg6 14. Bxg6 fxg6 15.
Kg2 O-O 16. h4 Nb6 17. b3 Rc8 18. Ne2 Qd7 19. Rh1 Nb4 20. Ne1 a5 21. h5 g5 22.
h6 g6 23. Qd2 a4 24. Bxg5 Bxg5 25. Qxg5 Nc2 26. Nxc2 Rxc2 27. Qe3 Qb5 28. Nf4
Rb2 29. Rhb1 Rxb1 30. Rxb1 Nc4 31. Qc1 axb3 32. axb3 Na5 33. Qc7 Rf7 34. Qc8+
Rf8 35. Qxe6+ Kh8 36. Qe7 1-0

[Event "9th Sunway Sitges 2022"]
[Site "Sitges ESP"]
[Date "2022.12.14"]
[Round "3.53"]
[White "Gokerkan, Cem Kaan"]
[Black "Nilssen, Ellen Fredericia"]
[Result "1-0"]
[WhiteTitle "IM"]
[BlackTitle "WFM"]
[WhiteElo "2470"]
[BlackElo "2187"]
[WhiteFideId "6336760"]
[BlackFideId "1441230"]
[EventDate "2022.12.12"]

1. Nf3 Nf6 2. g3 g6 3. b3 Bg7 4. Bb2 d5 5. c4 c6 6. Bg2 O-O 7. O-O a5 8. a4 Na6
9. d3 Re8 10. Nbd2 Nb4 11. Qc1 Bg4 12. h3 Bd7 13. Be5 dxc4 14. bxc4 Qc8 15. Kh2
c5 16. Nb1 Bc6 17. Nc3 Qf5 18. e4 Qd7 19. Rd1 Rad8 20. Bf1 h5 21. Qf4 Nc2 22.
Ra2 Nb4 23. Rad2 Bxa4 24. Ra1 Bc6 25. Rxa5 Ra8 26. Rxa8 Rxa8 27. d4 cxd4 28.
Bxd4 Qe8 29. Nd5 Nbxd5 30. cxd5 Bb5 31. Bg2 Nh7 32. Bxg7 Kxg7 33. e5 Ra4 34. Qe3
Qc8 35. Nd4 Be8 36. f4 Qc1 37. f5 Ra3 38. Qf2 h4 39. gxh4 Qc7 40. Qf4 Nf8 41. h5
f6 42. exf6+ 1-0

[Event "9th Sunway Sitges 2022"]
[Site "Sitges ESP"]
[Date "2022.12.14"]
[Round "3.54"]
[White "Ojas, Kulkarni"]
[Black "Boyer, Mahel"]
[Result "0-1"]
[BlackTitle "IM"]
[WhiteElo "2196"]
[BlackElo "2434"]
[WhiteFideId "25040073"]
[BlackFideId "45102422"]
[EventDate "2022.12.12"]

1. e4 c6 2. d4 d5 3. Nc3 dxe4 4. Nxe4 Nf6 5. Nxf6+ exf6 6. Bc4 Na6 7. c3 Nc7 8.
Ne2 Bd6 9. Bf4 O-O 10. O-O Bg4 11. Qd2 b5 12. Bxd6 Qxd6 13. Bb3 c5 14. h3 Bxe2
15. Qxe2 c4 16. Bc2 g6 17. Rfe1 Rfe8 18. Qd2 f5 19. Rxe8+ Rxe8 20. Re1 Re6 21.
Bd1 Kg7 22. Bf3 h5 23. Rxe6 Nxe6 24. d5 Nc5 25. Qd4+ Kg8 26. b3 cxb3 27. axb3 a6
28. b4 Nd7 29. g3 Kf8 30. Bg2 Ke7 31. Qa7 Qb6 32. Qa8 h4 33. gxh4 Ne5 34. Kh1
Nd3 35. Qc8 Nxf2+ 36. Kh2 Ne4 37. Bxe4 fxe4 38. Kg2 Qd6 39. Qb7+ Kf6 40. Qa8 Kg7
41. h5 gxh5 42. Qc6 Qf4 43. d6 Qf3+ 44. Kh2 Qf2+ 45. Kh1 e3 46. d7 e2 47. Qg2+
Qxg2+ 48. Kxg2 e1=Q 49. d8=Q Qe4+ 50. Kh2 Qf4+ 51. Kg2 h4 52. Qd4+ Qxd4 53. cxd4
Kf6 54. Kf3 Kf5 55. Ke3 Ke6 56. Ke4 f5+ 57. Kf4 Kd5 58. Kxf5 Kxd4 59. Kg4 Kc4
60. Kxh4 Kxb4 61. Kg5 a5 62. h4 a4 63. h5 a3 64. h6 a2 65. h7 a1=Q 0-1

[Event "9th Sunway Sitges 2022"]
[Site "Sitges ESP"]
[Date "2022.12.14"]
[Round "3.55"]
[White "Joel Paul Ganta"]
[Black "Moksh, Amit Doshi"]
[Result "1/2-1/2"]
[BlackTitle "IM"]
[WhiteElo "2183"]
[BlackElo "2414"]
[WhiteFideId "35066145"]
[BlackFideId "25064967"]
[EventDate "2022.12.12"]

1. d4 Nf6 2. c4 g6 3. Nc3 d5 4. cxd5 Nxd5 5. Bd2 c5 6. e4 Nxc3 7. Bxc3 cxd4 8.
Bb5+ Nc6 9. Bxc6+ bxc6 10. Bxd4 f6 11. Qa4 e5 12. Bc5 Bxc5 13. Qxc6+ Kf7 14.
Qxc5 Ba6 15. Rd1 Qe7 16. Qxe7+ Kxe7 17. Ne2 Rab8 18. b3 Rbc8 19. Rd2 f5 20. exf5
gxf5 21. Kd1 Rhg8 22. Re1 Rc5 23. Ng3 Ke6 24. b4 Rc4 25. Rc2 Rd8+ 26. Kc1 Rdc8
27. Re2 Rxb4 28. Rxc8 Bxc8 29. Rc2 Bb7 30. Rc7 f4 31. Ne2 Bxg2 32. Rxh7 Ra4 33.
Nc3 Ra3 34. Kb2 Ra5 35. Kb3 Kf5 36. Kb4 Ra6 37. Rh5+ Kg4 38. Rxe5 Kf3 39. Rf5
Rh6 40. Kc4 Rxh2 41. Nd5 Ke4 42. Rxf4+ Ke5 43. Rd4 Bf1+ 44. Kc5 Rxf2 45. Ne3
Rxa2 46. Nc4+ Ke6 47. Re4+ Kd7 48. Rd4+ Kc7 49. Rf4 Bxc4 50. Rxc4 Kb7 51. Kb4
Kb6 52. Rh4 Rb2+ 53. Ka3 Rb5 54. Rb4 a6 55. Rxb5+ axb5 56. Kb4 Kc6 57. Kb3 Kc5
58. Kc3 b4+ 59. Kb3 Kb5 60. Kb2 Kc4 61. Kc2 b3+ 62. Kb2 Kb4 63. Kb1 Kc3 64. Kc1
b2+ 65. Kb1 Kb3 1/2-1/2

[Event "9th Sunway Sitges 2022"]
[Site "Sitges ESP"]
[Date "2022.12.14"]
[Round "3.56"]
[White "Rendle, Thomas E"]
[Black "Levi, Netanel"]
[Result "1-0"]
[WhiteTitle "IM"]
[WhiteElo "2381"]
[BlackElo "2179"]
[WhiteFideId "408760"]
[BlackFideId "2815400"]
[EventDate "2022.12.12"]

1. d4 Nf6 2. c4 d6 3. Nf3 g6 4. g3 Bg7 5. Bg2 O-O 6. Nc3 Nc6 7. O-O e5 8. dxe5
dxe5 9. Bg5 Be6 10. Qa4 Qc8 11. Rad1 Nd7 12. Nd5 e4 13. Nd2 f5 14. f3 h6 15. Be3
exf3 16. Nxf3 Kh7 17. Qc2 Nde5 18. b3 a5 19. Bf4 Rf7 20. Kh1 a4 21. b4 Nxf3 22.
exf3 Bxd5 23. cxd5 Nxb4 24. Qc4 Na6 25. d6 Rd7 26. dxc7 g5 27. Bh3 Rxd1 28. Rxd1
Qf8 29. Bd6 Qe8 30. Bxf5+ Kh8 31. c8=Q 1-0

[Event "9th Sunway Sitges 2022"]
[Site "Sitges ESP"]
[Date "2022.12.14"]
[Round "3.57"]
[White "Sherman, Reem"]
[Black "Kanov, Nikola"]
[Result "1/2-1/2"]
[BlackTitle "FM"]
[WhiteElo "2179"]
[BlackElo "2377"]
[WhiteFideId "2822288"]
[BlackFideId "2928531"]
[EventDate "2022.12.12"]

1. e4 e5 2. Nc3 Nc6 3. g3 Bc5 4. Bg2 a5 5. Nge2 d6 6. d3 Nge7 7. Nd5 Bg4 8. c3
Nxd5 9. exd5 Ne7 10. Be3 Bxe3 11. fxe3 O-O 12. Qd2 f5 13. O-O g5 14. Rf2 Ng6 15.
Raf1 Qd7 16. Bf3 Bxf3 17. Rxf3 Rf7 18. c4 b6 19. Nc3 Raf8 20. Qe2 Kg7 21. R3f2
g4 22. d4 h5 23. dxe5 dxe5 24. Qd3 h4 25. b3 Rf6 26. Ne2 Kg8 27. Qc2 Qf7 28. a3
Qd7 29. b4 axb4 30. axb4 Qf7 31. Qb1 Qd7 32. Qc2 Qf7 33. Qb1 Kg7 34. Qc2 Qd7 35.
Qb1 Qf7 36. Qc2 Kh7 37. Qb1 Qd7 38. b5 Kg8 39. Qc2 Qf7 40. Qb1 Qd7 41. Qc2 R8f7
42. Qb1 Qc8 43. Qc2 Qf8 44. Qd3 Kg7 45. Kg2 Kh7 46. Kg1 Kg8 47. Kg2 Kg7 48. Kg1
h3 49. Kh1 Kh6 50. Kg1 Kh7 51. Kh1 Kg7 52. Kg1 Kh7 53. Kh1 Kh6 54. Kg1 Qc5 55.
Kh1 Kg7 56. Kg1 f4 57. exf4 exf4 58. Nd4 fxg3 59. Rxf6 Rxf6 60. Rxf6 Kxf6 61.
hxg3 Kg7 62. Kh2 Kh7 63. Kh1 Qb4 64. Qe2 Qc3 65. Qxg4 Qe1+ 66. Kh2 Qf2+ 67. Kxh3
Qf1+ 68. Kh2 1/2-1/2

[Event "9th Sunway Sitges 2022"]
[Site "Sitges ESP"]
[Date "2022.12.14"]
[Round "3.58"]
[White "Wagh, Suyog"]
[Black "Hryzlova, Sofiia"]
[Result "0-1"]
[WhiteTitle "FM"]
[BlackTitle "WIM"]
[WhiteElo "2376"]
[BlackElo "2157"]
[WhiteFideId "25071688"]
[BlackFideId "14174669"]
[EventDate "2022.12.12"]

1. c4 e6 2. Nf3 Nf6 3. g3 d5 4. d4 Be7 5. Bg2 O-O 6. Nc3 Nbd7 7. O-O dxc4 8. a4
a5 9. e4 c6 10. Qe2 b6 11. Rd1 Ba6 12. Bf4 Re8 13. Qc2 Bb4 14. Rac1 Rc8 15. h3
Nf8 16. g4 Ng6 17. Bg3 Qe7 18. Re1 Nd7 19. h4 e5 20. h5 Nf4 21. Bxf4 exf4 22.
Qd2 Qd6 23. e5 Qh6 24. Re4 f6 25. e6 Nf8 26. Rce1 Rc7 27. R4e2 Bb7 28. Qc2 g6
29. hxg6 hxg6 30. Nd2 Qh4 31. Bf3 Rh7 32. Nxc4 Qh2+ 33. Kf1 Qh3+ 34. Bg2 Qxg4
35. f3 Qh4 36. Qd3 Ba6 37. b3 Rhe7 38. d5 Bxc3 39. d6 Rxe6 40. Rxe6 Bxe1 0-1

[Event "9th Sunway Sitges 2022"]
[Site "Sitges ESP"]
[Date "2022.12.14"]
[Round "3.60"]
[White "Valenzuela Gomez, Fernando"]
[Black "Voiteanu, Gabriel"]
[Result "1-0"]
[WhiteTitle "IM"]
[BlackTitle "FM"]
[WhiteElo "2361"]
[BlackElo "2152"]
[WhiteFideId "3409392"]
[BlackFideId "1208810"]
[EventDate "2022.12.12"]

1. d4 d5 2. Nc3 Nf6 3. Bf4 g6 4. e3 Bg7 5. Nb5 Na6 6. h3 O-O 7. Nf3 c5 8. a4 Bf5
9. c3 Re8 10. Be2 Nd7 11. Bg3 Qb6 12. O-O e5 13. dxe5 Nxe5 14. Bxe5 Bxe5 15.
Qxd5 Rad8 16. Qa2 Bb8 17. Bc4 Qf6 18. Rad1 Kg7 19. Bd5 Rd7 20. Rd2 g5 21. Qc4 h5
22. g4 hxg4 23. hxg4 Qh6 24. gxf5 Rh8 25. Nh4 Qf6 26. f4 Rxh4 27. Rg2 g4 28. e4
Qh6 29. Kf2 Qxf4+ 30. Ke2 Qe5 31. f6+ Kg6 32. Rf5 Qe8 33. Qd3 Be5 34. Qf3 Kh6
35. Qe3+ Kh7 36. Qg5 Bxf6 37. Rxf6 Rh1 38. Qxg4 Qh8 39. Rxf7+ 1-0

[Event "9th Sunway Sitges 2022"]
[Site "Sitges ESP"]
[Date "2022.12.14"]
[Round "3.61"]
[White "Nurgaliyev, Sauat"]
[Black "Nandhidhaa, P V"]
[Result "1-0"]
[WhiteTitle "CM"]
[BlackTitle "WGM"]
[WhiteElo "2150"]
[BlackElo "2358"]
[WhiteFideId "13726285"]
[BlackFideId "5050847"]
[EventDate "2022.12.12"]

1. e4 c5 2. Nf3 Nc6 3. d4 cxd4 4. Nxd4 Nf6 5. Nc3 d6 6. Be2 g6 7. Be3 Bg7 8. Qd2
O-O 9. O-O-O Nxd4 10. Bxd4 Be6 11. Kb1 Rc8 12. f4 b5 13. a3 Bc4 14. Rhe1 a6 15.
g4 e5 16. Bg1 Bxe2 17. Qxe2 exf4 18. Bd4 Rc4 19. Qf3 a5 20. Nxb5 Qd7 21. Qb3 Rc6
22. h3 Re8 23. Qd3 Qb7 24. a4 Rec8 25. Na7 Rxc2 26. Nxc8 Rxc8 27. Qb5 Qa8 28. e5
dxe5 29. Qxe5 f3 30. Bc3 Nh5 31. Qe4 Qxe4+ 32. Rxe4 f5 33. Re3 Bxc3 34. bxc3
fxg4 35. hxg4 Nf6 36. g5 Ng4 37. Rxf3 Rc5 38. Rd8+ Kg7 39. Rd7+ Kg8 40. Rff7 Ne5
41. Rc7 Rd5 42. Rg7+ Kf8 43. Rxh7 Kg8 44. Rcg7+ Kf8 45. Ra7 Kg8 46. Rhc7 Rd8 47.
Rxa5 Nf7 48. Ra6 Ne5 49. Re6 Nf3 50. Rxg6+ Kh8 51. Rb6 1-0

[Event "9th Sunway Sitges 2022"]
[Site "Sitges ESP"]
[Date "2022.12.14"]
[Round "3.62"]
[White "Wecker, Martin"]
[Black "Garcia Molina, Jose"]
[Result "1-0"]
[BlackTitle "FM"]
[WhiteElo "2150"]
[BlackElo "2357"]
[WhiteFideId "12931462"]
[BlackFideId "32030592"]
[EventDate "2022.12.12"]

1. d4 Nf6 2. c4 g6 3. Nf3 Bg7 4. g3 O-O 5. Bg2 d6 6. O-O Nc6 7. Nc3 a6 8. Bf4
Rb8 9. Rc1 h6 10. h3 g5 11. Be3 g4 12. hxg4 Nxg4 13. Qd2 e5 14. dxe5 dxe5 15.
Bc5 Qxd2 16. Nxd2 Rd8 17. Rfd1 Bd7 18. Nb3 Nd4 19. Nxd4 exd4 20. Bxd4 Ba4 21.
Nxa4 Bxd4 22. e3 Nxe3 23. Rxd4 Rxd4 24. fxe3 Rd2 25. Rf1 c6 26. b3 Rxa2 27. Nc5
Re2 28. e4 Ra2 29. e5 Re2 30. Bf3 Rb2 31. Bh5 Rd8 32. Bxf7+ Kh7 33. Rf2 Rb1+ 34.
Kg2 Re1 35. e6 b6 36. Nd7 b5 37. Ra2 bxc4 38. bxc4 Ra8 39. Kf2 Re4 40. Nf6+ 1-0

[Event "9th Sunway Sitges 2022"]
[Site "Sitges ESP"]
[Date "2022.12.14"]
[Round "3.63"]
[White "Kholopov, Alexander A."]
[Black "Nawin, J J"]
[Result "1-0"]
[WhiteTitle "FM"]
[BlackTitle "FM"]
[WhiteElo "2146"]
[BlackElo "2351"]
[WhiteFideId "4148100"]
[BlackFideId "45031231"]
[EventDate "2022.12.12"]

1. d4 Nf6 2. c4 g6 3. Nc3 Bg7 4. e4 d6 5. Be2 O-O 6. Be3 Na6 7. Nf3 Ng4 8. Bg5
f6 9. Bc1 e5 10. h3 Nh6 11. O-O Kh8 12. Be3 Qe8 13. Qc1 Ng8 14. Ne1 f5 15. dxe5
dxe5 16. exf5 gxf5 17. f4 e4 18. Nc2 c6 19. Qe1 Nf6 20. Qf2 Rg8 21. Rad1 Bf8 22.
Bd4 Be7 23. a3 Be6 24. b4 Qf7 25. Ne3 Nc7 26. Be5 Ne8 27. Na4 a5 28. Nb6 Rd8 29.
c5 Ng7 30. Nbc4 axb4 31. axb4 Qg6 32. Bb2 Rdf8 33. Nd6 Nfh5 34. Bxh5 Qxh5 35.
Nxb7 Bh4 36. g3 Bf6 37. Kh2 Qg6 38. Na5 Nh5 39. Rg1 Bxb2 40. Qxb2+ Rg7 41. Nxc6
Qh6 42. Qe5 Nf6 43. Rd6 Qh5 44. Rxe6 Rg6 45. Nd4 Rh6 46. Qxf5 Qf7 47. Nd5 1-0

[Event "9th Sunway Sitges 2022"]
[Site "Sitges ESP"]
[Date "2022.12.14"]
[Round "3.64"]
[White "Krasteva, Beloslava"]
[Black "Noria Silvestre, Joaquin"]
[Result "1/2-1/2"]
[WhiteTitle "FM"]
[WhiteElo "2350"]
[BlackElo "2138"]
[WhiteFideId "2922029"]
[BlackFideId "2200619"]
[EventDate "2022.12.12"]

1. d4 Nf6 2. c4 g6 3. Nc3 Bg7 4. e4 d6 5. h3 O-O 6. Nf3 c5 7. d5 Nbd7 8. Bd3 Ne5
9. Nxe5 dxe5 10. a3 e6 11. Be3 b6 12. Qd2 exd5 13. cxd5 Ne8 14. O-O Nd6 15. f4
Qe7 16. Rae1 Bd7 17. f5 f6 18. g4 g5 19. Qe2 Rfc8 20. Ba6 Rc7 21. a4 Qe8 22. Ra1
Bf8 23. Kg2 Bc8 24. Bxc8 Raxc8 25. h4 h6 26. Rh1 c4 27. Qc2 b5 28. axb5 Nxb5 29.
Nxb5 Qxb5 30. hxg5 hxg5 31. Bxa7 c3 32. b3 Rb7 33. Rhb1 Ra8 34. Be3 Rxa1 35.
Rxa1 Qxb3 36. Qxb3 Rxb3 37. Bc1 Bc5 38. Ra8+ Kf7 39. Rc8 Bd6 40. Kf3 Ke7 41. Be3
Kd7 42. Rc4 Ra3 43. Rc6 Rb3 44. Rc4 Ra3 45. Bc1 Rb3 46. Ke2 Rb2+ 47. Kd3 Rg2 48.
Rxc3 Rxg4 49. Be3 Rh4 50. Rb3 Kc7 51. Rb6 Rh3 52. Ra6 Kd7 53. Ke2 Rh2+ 54. Kf3
Rc2 55. Ra7+ Rc7 56. Rxc7+ Bxc7 57. Kg4 Bd6 58. Kh5 Ke7 59. Kg6 Ba3 60. Bf2 Bb4
61. Bb6 Ba3 62. Be3 Bb4 63. Kh5 Ba3 64. Kg4 Bb4 65. Kf3 Kd6 66. Ke2 Bc5 67. Bd2
Kd7 68. Ba5 Be7 69. Kd3 Bc5 70. Kc4 Bd6 71. Kb5 Ke7 72. Bb6 Ba3 73. Kc6 Bd6 74.
Kb5 Kd7 75. Ka6 Ke7 76. Kb5 Kd7 77. Ka6 Ke7 1/2-1/2

[Event "9th Sunway Sitges 2022"]
[Site "Sitges ESP"]
[Date "2022.12.14"]
[Round "3.65"]
[White "Divya, Deshmukh"]
[Black "Lorscheid, Gerhard"]
[Result "1-0"]
[WhiteTitle "WGM"]
[BlackTitle "FM"]
[WhiteElo "2347"]
[BlackElo "2137"]
[WhiteFideId "35006916"]
[BlackFideId "4606000"]
[EventDate "2022.12.12"]

1. e4 d6 2. d4 Nf6 3. Nc3 e5 4. Nf3 Nbd7 5. Bc4 Be7 6. O-O O-O 7. a4 c6 8. h4
exd4 9. Qxd4 Qb6 10. a5 Qxd4 11. Nxd4 Re8 12. Re1 Bf8 13. Bf4 Ne5 14. Bb3 Nfd7
15. a6 Nc5 16. axb7 Bxb7 17. Ba4 g6 18. Nb3 Nxa4 19. Rxa4 Bc8 20. Be3 Be6 21.
Na5 Reb8 22. b3 Rc8 23. Ne2 Nd7 24. Nd4 Nb6 25. Ra2 Bd7 26. Nf3 Be6 27. Rea1 d5
28. e5 Rab8 29. Nd4 c5 30. Nb5 Bd7 31. Nd6 Bxd6 32. exd6 d4 33. Bg5 Be6 34. Nc4
h6 35. Be7 Nd5 36. Rxa7 Nxe7 37. Rxe7 Ra8 38. Rxa8 Rxa8 39. Ne5 Rd8 40. d7 Kf8
41. Nxg6+ 1-0

[Event "9th Sunway Sitges 2022"]
[Site "Sitges ESP"]
[Date "2022.12.14"]
[Round "3.67"]
[White "Van Kessel, Wessel"]
[Black "Alexiadis, Hristos"]
[Result "0-1"]
[BlackTitle "FM"]
[WhiteElo "2145"]
[BlackElo "2342"]
[WhiteFideId "233404"]
[BlackFideId "4249623"]
[EventDate "2022.12.12"]

1. Nf3 d5 2. e3 Nf6 3. b3 Bg4 4. Bb2 Nbd7 5. h3 Bh5 6. g4 Bg6 7. g5 Ne4 8. h4 h5
9. d3 Nd6 10. Nc3 c6 11. Ne2 Qc7 12. Bh3 Bf5 13. Nf4 O-O-O 14. Ne5 Bxh3 15. Rxh3
Nxe5 16. Bxe5 Qd7 17. Qf3 Nf5 18. O-O-O f6 19. Bb2 e5 20. Nxh5 Nxe3 21. fxe3
Rxh5 22. Rdh1 Rh8 23. gxf6 gxf6 24. Qxf6 Bg7 25. Qf2 Rdf8 26. Qg3 Rh5 27. Rg1
Bh6 28. Ba3 Rh8 29. Kb2 Bg5 30. Rgh1 Bf6 31. Bb4 b6 32. Be1 Kb7 33. e4 d4 34.
Qf3 Be7 35. Kb1 a5 36. Rg1 R8h7 37. Rg8 Qe6 38. Qg4 Qxg4 39. Rxg4 Kc7 40. c3 c5
41. cxd4 cxd4 42. Rh2 Kb7 43. Kb2 Ka6 44. Bg3 Rh8 45. Be1 R8h6 46. Kc2 Rf6 47.
Rh3 Rf1 48. Bg3 Bb4 49. Rg6 Rh8 50. Rc6 Rg8 51. h5 Rg1 52. a3 Bxa3 53. Rg6 Rc8+
54. Kd2 Rg2+ 55. Bf2 Rxf2+ 56. Ke1 Ra2 0-1

[Event "9th Sunway Sitges 2022"]
[Site "Sitges ESP"]
[Date "2022.12.14"]
[Round "3.68"]
[White "Pablo Mari, Alejandro"]
[Black "Kocak, Ediz"]
[Result "1-0"]
[WhiteTitle "FM"]
[WhiteElo "2338"]
[BlackElo "2115"]
[WhiteFideId "2200287"]
[BlackFideId "16219481"]
[EventDate "2022.12.12"]

1. Nf3 d5 2. e3 Nf6 3. c4 e6 4. b3 Be7 5. Bb2 c5 6. Nc3 dxc4 7. Bxc4 Nc6 8. O-O
O-O 9. Qc2 Bd7 10. Rfd1 Rc8 11. Rac1 Qa5 12. Qb1 Rfd8 13. Be2 Be8 14. h3 h6 15.
d3 a6 16. Nd2 e5 17. Na4 Bd7 18. Nc4 Qc7 19. Nab6 Rb8 20. Bf3 Bf5 21. Bxc6 Qxc6
22. Bxe5 Bxh3 23. gxh3 Qf3 24. Bxb8 Rxb8 25. Qb2 1-0

[Event "9th Sunway Sitges 2022"]
[Site "Sitges ESP"]
[Date "2022.12.14"]
[Round "3.69"]
[White "Ilamparthi, A R"]
[Black "Panjer, Sidney"]
[Result "1-0"]
[WhiteElo "2336"]
[BlackElo "2100"]
[WhiteFideId "45015775"]
[BlackFideId "16207041"]
[EventDate "2022.12.12"]

1. e4 e5 2. Nf3 Nc6 3. Bb5 a6 4. Ba4 Nf6 5. O-O b5 6. Bb3 Bc5 7. c3 d6 8. a4 Rb8
9. d4 Bb6 10. a5 Ba7 11. h3 O-O 12. Be3 exd4 13. cxd4 Nxe4 14. Re1 d5 15. Nbd2
Nxd2 16. Qxd2 Ne7 17. Rac1 Rb7 18. Ne5 Bb8 19. Nc6 Nxc6 20. Rxc6 Ra7 21. Bf4 Bb7
22. Rc3 Ra8 23. Rce3 c6 24. Bxb8 Rxb8 25. Re7 Bc8 26. Ra7 Rb7 27. Rxa6 Qd6 28.
Qc3 Bd7 29. Qc5 Qg6 30. Qxf8+ 1-0

[Event "9th Sunway Sitges 2022"]
[Site "Sitges ESP"]
[Date "2022.12.14"]
[Round "3.70"]
[White "Jeet, Jain"]
[Black "Papadiamandis, Elliot"]
[Result "1/2-1/2"]
[WhiteTitle "FM"]
[BlackTitle "IM"]
[WhiteElo "2141"]
[BlackElo "2334"]
[WhiteFideId "5073022"]
[BlackFideId "36074160"]
[EventDate "2022.12.12"]

1. e4 c5 2. Nf3 d6 3. d4 cxd4 4. Nxd4 Nf6 5. Nc3 a6 6. Rg1 e5 7. Nb3 Be6 8. g4
h6 9. Bd2 Nc6 10. Qf3 Rc8 11. O-O-O Qc7 12. Kb1 Nd4 13. Qh3 Nxe4 14. Qe3 Nxd2+
15. Rxd2 Nxb3 16. axb3 Be7 17. Qd3 d5 18. Nxd5 Bxd5 19. Qxd5 Rd8 20. Qc4 Qxc4
21. Rxd8+ Kxd8 22. Bxc4 Kc7 23. f3 f6 24. Rd1 h5 25. h3 h4 26. Be6 Bd6 27. Bf5
b5 28. c3 Rg8 29. Bg6 a5 30. Kc2 b4 31. Rd5 bxc3 32. bxc3 Ra8 33. Be4 Ra7 34.
Kb2 Be7 1/2-1/2

[Event "9th Sunway Sitges 2022"]
[Site "Sitges ESP"]
[Date "2022.12.14"]
[Round "3.71"]
[White "Borocz, Istvan1"]
[Black "Halegua, Dani"]
[Result "1-0"]
[WhiteTitle "IM"]
[WhiteElo "2334"]
[BlackElo "2095"]
[WhiteFideId "703036"]
[BlackFideId "36092398"]
[EventDate "2022.12.12"]

1. e4 e6 2. d4 d5 3. e5 c5 4. c3 Qb6 5. Nf3 Bd7 6. Nbd2 Nc6 7. Bd3 cxd4 8. O-O
Nge7 9. Nb3 dxc3 10. bxc3 Ng6 11. Re1 Qc7 12. Qe2 Be7 13. Nbd4 a6 14. Bd2 Na5
15. Rab1 Rb8 16. g3 Nc4 17. Bc1 Qc8 18. h4 f6 19. exf6 Bxf6 20. h5 Nge5 21. Nxe5
Nxe5 22. Bf4 Nxd3 23. Qxd3 Ra8 24. Nxe6 Bxe6 25. Qxd5 O-O 26. Rxe6 Kh8 27. Rxb7
Qxc3 28. h6 Rad8 29. hxg7+ Bxg7 30. Qg5 Rde8 31. Ree7 Rxe7 32. Rxe7 Bf6 33. Qf5
Bg7 34. Qe4 Qa1+ 35. Kg2 Qxa2 36. Be5 Qxf2+ 37. Kh3 Qf1+ 38. Kg4 h5+ 39. Kg5
Bf6+ 40. Kh6 Qc1+ 41. Bf4 Bg5+ 42. Kxg5 Rg8+ 43. Kh6 1-0

[Event "9th Sunway Sitges 2022"]
[Site "Sitges ESP"]
[Date "2022.12.14"]
[Round "3.72"]
[White "Fanninger, Leon"]
[Black "Jain, Kashish Manoj"]
[Result "1/2-1/2"]
[BlackTitle "FM"]
[WhiteElo "2136"]
[BlackElo "2334"]
[WhiteFideId "1649400"]
[BlackFideId "35081098"]
[EventDate "2022.12.12"]

1. Nf3 Nf6 2. g3 g6 3. b3 Bg7 4. Bb2 O-O 5. Bg2 d6 6. d4 a5 7. O-O a4 8. b4 c5
9. bxc5 dxc5 10. Na3 Nc6 11. e3 Bf5 12. Qe2 Be4 13. Rfd1 Qa5 14. c4 Rad8 15. Nb5
b6 16. d5 Nb8 17. Ne5 Bxg2 18. Kxg2 Ne4 19. Rab1 Nd6 20. Bc3 Qa8 21. Nf3 Bxc3
22. Nxc3 Qa6 23. Nb5 Nxb5 24. Rxb5 e6 25. e4 exd5 26. exd5 Rfe8 27. Qd2 Nd7 28.
Qf4 Qb7 29. Ng5 f5 30. Kg1 Nf8 31. Rdb1 h6 32. Nf3 Qg7 33. Rxb6 Re4 34. Rb7 Nd7
35. Qc7 Qf6 36. Qc6 Qf7 37. Rc7 Re7 38. Rbb7 Qe8 39. d6 Rf7 40. Qd5 Kg7 41. Kg2
g5 42. Ra7 Qe2 43. Qc6 Qe6 44. Nd2 f4 45. Qd5 Qe2 46. gxf4 Qg4+ 47. Kh1 Qxf4 48.
Ne4 Qf3+ 49. Kg1 Re8 50. Rxd7 Qg4+ 51. Ng3 Rxd7 52. Rxd7+ Qxd7 53. Nf5+ Kf6 54.
Ne7 Rxe7 55. Qf3+ Kg7 56. Qc3+ Kg8 57. dxe7 Qxe7 58. Qc2 1/2-1/2

[Event "9th Sunway Sitges 2022"]
[Site "Sitges ESP"]
[Date "2022.12.14"]
[Round "3.73"]
[White "Heinemann, Josefine"]
[Black "Bub, Volker"]
[Result "1-0"]
[WhiteTitle "WGM"]
[WhiteElo "2332"]
[BlackElo "2091"]
[WhiteFideId "12900460"]
[BlackFideId "4618963"]
[EventDate "2022.12.12"]

1. e4 e5 2. Nf3 Nc6 3. Bc4 Nf6 4. d3 Be7 5. O-O O-O 6. Nc3 d6 7. a4 Kh8 8. Ng5
Bg4 9. f3 Bh5 10. Nh3 Qd7 11. a5 a6 12. Be3 Rae8 13. Nf2 Ng8 14. Nd5 Bd8 15. Nh1
Nce7 16. Ng3 Bg6 17. d4 Nxd5 18. Bxd5 c6 19. Bb3 exd4 20. Bxd4 Qe7 21. Qd2 Bc7
22. c4 Nf6 23. Rfe1 Nd7 24. Bc2 Ne5 25. f4 c5 26. Bxe5 dxe5 27. f5 Rd8 28. Qc3
Qg5 29. fxg6 Rd2 30. h4 Qd8 31. Red1 Rxd1+ 32. Rxd1 Qxh4 33. gxh7 g6 34. Rd7 Bd8
35. Qxe5+ Bf6 36. Qxc5 Kg7 37. e5 Bg5 38. Qf2 Qh6 39. Nf1 Qxh7 40. e6 Kg8 41.
Rxf7 Rxf7 42. Qxf7+ Qxf7 43. exf7+ Kxf7 44. Be4 Bd8 1-0